Poistenie v nezamestnanosti

Poistenie v nezamestnanosti ako súčasť sociálneho poistenia v zákone č. 461/2003 Z.z. Povinné poistenie v nezamestnanosti a dobrovoľné poistenie v nezamestnanosti. Nárok na dávku v nezamestnanosti a určenie jej výšky. Platenie poistného na poistenie v nezamestnanosti. Praktické príklady.

Gespeichert in:
Bibliographische Detailangaben
1. Verfasser: Novotná, Eleonóra
Weitere Verfasser: Rišňovský, Ľudovít
Format: Buchkapitel
Sprache:Slowakisch
Schlagworte:
Tags: Tag hinzufügen
Keine Tags, Fügen Sie das erste Tag hinzu!

MARC

LEADER 00000naa$a2200000$$$4500
001 0049134
005 20231109091553.5
041 0 |a slo 
044 |a SK 
245 1 0 |a Poistenie v nezamestnanosti  |c Eleonóra Novotná, Ľudovít Rišňovský 
520 |a Poistenie v nezamestnanosti ako súčasť sociálneho poistenia v zákone č. 461/2003 Z.z. Povinné poistenie v nezamestnanosti a dobrovoľné poistenie v nezamestnanosti. Nárok na dávku v nezamestnanosti a určenie jej výšky. Platenie poistného na poistenie v nezamestnanosti. Praktické príklady. 
610 2 0 |a legislatíva 
610 2 0 |a poistenie v nezamestnanosti 
610 2 0 |a poistenie sociálne 
610 2 0 |a poistenie dobrovoľné 
610 2 0 |a poistenie povinné 
610 2 0 |a zamestnávatelia 
610 2 0 |a zamestnanci 
610 2 0 |a poistné 
610 2 0 |a dávky poistné 
610 2 0 |a základ vymeriavací 
100 1 |a Novotná, Eleonóra 
700 1 |a Rišňovský, Ľudovít